[Event "EYCC 2024 - O12"]
[Site "?"]
[Date "2024.08.26"]
[Round "5.1"]
[White "Saminskij, Jan"]
[Black "Ambartsumian, Tyhran"]
[Result "0-1"]
[BlackElo "2156"]
[WhiteElo "2115"]
[LiveChessVersion "1.4.8"]

1. e4 {[%clk 1:30:31]} e5 {[%clk 1:30:38]} 2. Nf3 {[%clk 1:30:50]} Nc6
{[%clk 1:31:03]} 3. Bb5 {[%clk 1:31:11]} Nf6 {[%clk 1:31:26]} 4. d3
{[%clk 1:31:33]} Bc5 {[%clk 1:31:44]} 5. Bxc6 {[%clk 1:31:56]} dxc6
{[%clk 1:31:28]} 6. h3 {[%clk 1:32:20]} Nd7 {[%clk 1:29:19]} 7. Be3
{[%clk 1:32:44]} Qe7 {[%clk 1:24:38]} 8. Bxc5 {[%clk 1:31:51]} Nxc5
{[%clk 1:24:32]} 9. O-O {[%clk 1:31:05]} f6 {[%clk 1:20:15]} 10. Nc3
{[%clk 1:27:43]} O-O {[%clk 1:19:45]} 11. Nd2 {[%clk 1:15:43]} Ne6
{[%clk 1:14:43]} 12. Ne2 {[%clk 1:12:36]} b6 {[%clk 1:07:42]} 13. b3
{[%clk 1:08:22]} f5 {[%clk 0:52:54]} 14. exf5 {[%clk 1:05:34]} Rxf5
{[%clk 0:52:14]} 15. Ng3 {[%clk 1:02:56]} Rf8 {[%clk 0:51:45]} 16. Nf3
{[%clk 0:43:01]} Nf4 {[%clk 0:43:59]} 17. Qe1 {[%clk 0:28:09]} Nxh3+
{[%clk 0:32:28]} 18. gxh3 {[%clk 0:26:40]} Rxf3 {[%clk 0:32:52]} 19. Qe4
{[%clk 0:23:00]} Rf8 {[%clk 0:30:10]} 20. h4 {[%clk 0:20:19]} Qf6
{[%clk 0:28:50]} 21. Kg2 {[%clk 0:15:54]} Be6 {[%clk 0:27:30]} 22. c4
{[%clk 0:15:19]} Bf7 {[%clk 0:26:18]} 23. Rae1 {[%clk 0:15:00]} Rae8
{[%clk 0:23:26]} 24. h5 {[%clk 0:14:12]} h6 {[%clk 0:23:33]} 25. Re3
{[%clk 0:13:33]} Be6 {[%clk 0:22:29]} 26. f3 {[%clk 0:12:23]} Qg5
{[%clk 0:21:48]} 27. Rfe1 {[%clk 0:11:44]} Rf6 {[%clk 0:22:03]} 28. d4
{[%clk 0:10:25]} Bf5 {[%clk 0:22:04]} 0-1

[Event "EYCC 2024 - O12"]
[Site "?"]
[Date "2024.08.26"]
[Round "5.2"]
[White "Nicot, Valentin"]
[Black "Torres Rebolledo, Alvaro"]
[Result "1/2-1/2"]
[BlackElo "2193"]
[WhiteElo "2068"]
[LiveChessVersion "1.4.8"]

1. c4 {[%clk 1:30:40]} e5 {[%clk 1:30:06]} 2. g3 {[%clk 1:30:44]} d5
{[%clk 1:30:18]} 3. cxd5 {[%clk 1:30:12]} Qxd5 {[%clk 1:30:28]} 4. Nf3
{[%clk 1:30:10]} Nc6 {[%clk 1:30:33]} 5. Nc3 {[%clk 1:30:03]} Qd6
{[%clk 1:30:25]} 6. Bg2 {[%clk 1:30:00]} Nf6 {[%clk 1:30:02]} 7. d3
{[%clk 1:29:25]} Be7 {[%clk 1:29:51]} 8. O-O {[%clk 1:29:04]} h6 {[%clk 1:29:11]}
9. a3 {[%clk 1:25:03]} O-O {[%clk 1:28:03]} 10. b4 {[%clk 1:24:14]} Rd8
{[%clk 1:14:42]} 11. Be3 {[%clk 1:07:29]} Nd4 {[%clk 0:59:11]} 12. Nxd4
{[%clk 1:00:24]} exd4 {[%clk 0:58:49]} 13. Bf4 {[%clk 1:00:42]} Qd7
{[%clk 0:57:20]} 14. Ne4 {[%clk 0:56:30]} Nxe4 {[%clk 0:51:18]} 15. Bxe4
{[%clk 0:55:33]} Bd6 {[%clk 0:49:38]} 16. Qd2 {[%clk 0:50:50]} Bxf4
{[%clk 0:41:52]} 17. Qxf4 {[%clk 0:50:56]} c6 {[%clk 0:38:53]} 18. Rac1
{[%clk 0:45:22]} Qd6 {[%clk 0:38:20]} 19. Qxd6 {[%clk 0:38:46]} Rxd6
{[%clk 0:38:45]} 20. Rc5 {[%clk 0:37:23]} Bg4 {[%clk 0:36:43]} 21. Rfc1
{[%clk 0:34:07]} g6 {[%clk 0:33:43]} 22. b5 {[%clk 0:30:01]} cxb5
{[%clk 0:28:22]} 23. Rxb5 {[%clk 0:27:36]} Rb6 {[%clk 0:21:55]} 24. Rxb6
{[%clk 0:25:27]} axb6 {[%clk 0:21:46]} 25. f3 {[%clk 0:24:56]} Be6
{[%clk 0:20:46]} 26. Rb1 {[%clk 0:23:25]} Rxa3 {[%clk 0:19:22]} 27. Rxb6
{[%clk 0:23:45]} Ra1+ {[%clk 0:17:02]} 28. Kg2 {[%clk 0:16:36]} Re1
{[%clk 0:15:44]} 29. Kf2 {[%clk 0:16:29]} Rh1 {[%clk 0:15:28]} 30. Kg2
{[%clk 0:14:59]} Re1 {[%clk 0:15:41]} 31. Kf2 {[%clk 0:15:23]} Rh1
{[%clk 0:16:04]} 32. Kg2 {[%clk 0:04:28]} Re1 {[%clk 0:16:13]} 33. Kf2
{[%clk 0:04:08]} Rh1 {[%clk 0:16:34]} 1/2-1/2

[Event "EYCC 2024 - O12"]
[Site "?"]
[Date "2024.08.26"]
[Round "5.3"]
[White "Ritzerveld, Noah"]
[Black "Shilon Rahav, Eliran"]
[Result "1/2-1/2"]
[BlackElo "2103"]
[WhiteElo "2293"]
[LiveChessVersion "1.4.8"]

1. e4 {[%clk 1:30:58]} c5 {[%clk 1:30:53]} 2. Nf3 {[%clk 1:31:24]} Nc6
{[%clk 1:31:11]} 3. d4 {[%clk 1:31:49]} cxd4 {[%clk 1:31:34]} 4. Nxd4
{[%clk 1:32:14]} Nf6 {[%clk 1:31:57]} 5. Nc3 {[%clk 1:32:37]} e5 {[%clk 1:32:24]}
6. Ndb5 {[%clk 1:32:47]} d6 {[%clk 1:32:42]} 7. Bg5 {[%clk 1:33:12]} a6
{[%clk 1:33:07]} 8. Na3 {[%clk 1:33:35]} b5 {[%clk 1:33:34]} 9. Nd5
{[%clk 1:33:57]} Be7 {[%clk 1:33:53]} 10. Bxf6 {[%clk 1:34:20]} Bxf6
{[%clk 1:34:19]} 11. c4 {[%clk 1:34:38]} Nd4 {[%clk 1:30:35]} 12. cxb5
{[%clk 1:32:11]} Bb7 {[%clk 1:27:07]} 13. Bc4 {[%clk 1:28:15]} axb5
{[%clk 1:25:53]} 14. Bxb5+ {[%clk 1:27:43]} Kf8 {[%clk 1:26:06]} 15. Bc4
{[%clk 1:27:19]} Qa5+ {[%clk 1:23:40]} 16. Qd2 {[%clk 1:26:04]} Bd8
{[%clk 1:23:12]} 17. Qxa5 {[%clk 1:25:22]} Bxa5+ {[%clk 1:23:36]} 18. Kd1
{[%clk 1:25:06]} g6 {[%clk 1:21:18]} 19. Nb5 {[%clk 1:18:49]} Nxb5
{[%clk 1:14:54]} 20. Bxb5 {[%clk 1:19:09]} Rb8 {[%clk 1:15:01]} 21. a4
{[%clk 1:15:59]} f5 {[%clk 1:14:44]} 22. f3 {[%clk 1:15:12]} Bxd5
{[%clk 1:11:42]} 23. exd5 {[%clk 1:15:34]} Ke7 {[%clk 1:12:01]} 24. Ke2
{[%clk 1:07:37]} Rhc8 {[%clk 1:11:29]} 25. Rhc1 {[%clk 1:06:35]} Rc5
{[%clk 1:09:30]} 26. Rxc5 {[%clk 0:59:15]} dxc5 {[%clk 1:09:54]} 27. Kd3
{[%clk 0:57:11]} Kd6 {[%clk 1:06:26]} 28. Kc4 {[%clk 0:56:08]} Rb7
{[%clk 1:04:57]} 29. Rf1 {[%clk 0:52:47]} Bb4 {[%clk 1:02:04]} 30. Bc6
{[%clk 0:49:40]} Rb8 {[%clk 0:51:41]} 31. Bb5 {[%clk 0:40:05]} h5
{[%clk 0:47:22]} 32. h3 {[%clk 0:32:16]} h4 {[%clk 0:43:52]} 33. Rg1
{[%clk 0:27:24]} Rh8 {[%clk 0:29:05]} 34. Bc6 {[%clk 0:26:29]} Bd2
{[%clk 0:08:57]} 35. Ra1 {[%clk 0:21:05]} Rb8 {[%clk 0:06:25]} 36. Bb5
{[%clk 0:12:12]} e4 {[%clk 0:05:16]} 37. fxe4 {[%clk 0:11:37]} fxe4
{[%clk 0:05:42]} 38. Rf1 {[%clk 0:06:26]} Ke5 {[%clk 0:04:47]} 39. Rf7
{[%clk 0:05:56]} Bg5 {[%clk 0:03:40]} 40. Rg7 {[%clk 0:04:27]} Kf5
{[%clk 0:02:21]} 41. d6 {[%clk 0:03:44]} e3 {[%clk 0:01:32]} 42. Kd3
{[%clk 0:03:28]} Rb6 {[%clk 0:01:24]} 43. Ke2 {[%clk 0:01:34]} Rxd6
{[%clk 0:01:22]} 44. Bd3+ {[%clk 0:01:27]} Kf4 {[%clk 0:01:28]} 45. Rxg6
{[%clk 0:01:45]} Rd4 {[%clk 0:01:34]} 46. b3 {[%clk 0:01:24]} Rd8
{[%clk 0:00:54]} 47. a5 {[%clk 0:01:08]} Rb8 {[%clk 0:00:42]} 48. Re6
{[%clk 0:00:50]} Kg3 {[%clk 0:00:49]} 49. Rg6 {[%clk 0:00:36]} Kf4
{[%clk 0:01:18]} 50. Bc4 {[%clk 0:00:43]} Rd8 {[%clk 0:01:47]} 51. a6
{[%clk 0:00:39]} Rd2+ {[%clk 0:02:17]} 52. Ke1 {[%clk 0:01:03]} Ra2
{[%clk 0:01:57]} 53. Rg7 {[%clk 0:00:40]} Bf6 {[%clk 0:01:45]} 54. Rg4+
{[%clk 0:00:43]} Ke5 {[%clk 0:01:48]} 55. a7 {[%clk 0:00:55]} Rxa7
{[%clk 0:02:04]} 56. Ke2 {[%clk 0:01:16]} Re7 {[%clk 0:01:10]} 57. Kxe3
{[%clk 0:01:16]} Kf5+ {[%clk 0:01:12]} 58. Kf3 {[%clk 0:01:17]} Bg5
{[%clk 0:01:30]} 59. Bd3+ {[%clk 0:01:21]} Kf6 {[%clk 0:01:56]} 60. Be4
{[%clk 0:01:18]} Rf7 {[%clk 0:01:20]} 61. Ke2 {[%clk 0:01:10]} Rd7
{[%clk 0:01:00]} 62. Bd3 {[%clk 0:00:41]} Re7+ {[%clk 0:01:23]} 63. Kd1
{[%clk 0:00:42]} Re3 {[%clk 0:01:21]} 64. Kc2 {[%clk 0:00:58]} Rg3
{[%clk 0:01:32]} 1/2-1/2

[Event "EYCC 2024 - O12"]
[Site "?"]
[Date "2024.08.26"]
[Round "5.4"]
[White "Varyemez, Ali"]
[Black "Golis, Wiktor"]
[Result "0-1"]
[BlackElo "2216"]
[WhiteElo "1964"]
[LiveChessVersion "1.4.8"]

1. Nf3 {[%clk 1:30:57]} d5 {[%clk 1:30:55]} 2. g3 {[%clk 1:31:22]} Nc6
{[%clk 1:31:05]} 3. d4 {[%clk 1:31:06]} Bf5 {[%clk 1:31:29]} 4. Bg2
{[%clk 1:31:31]} Nb4 {[%clk 1:31:49]} 5. Na3 {[%clk 1:32:00]} e6 {[%clk 1:32:12]}
6. O-O {[%clk 1:32:22]} Be7 {[%clk 1:32:33]} 7. Ne5 {[%clk 1:31:45]} Nf6
{[%clk 1:17:52]} 8. c3 {[%clk 1:31:46]} Nc6 {[%clk 1:18:16]} 9. Qa4
{[%clk 1:31:27]} O-O {[%clk 1:18:40]} 10. Nxc6 {[%clk 1:31:53]} bxc6
{[%clk 1:19:08]} 11. Qxc6 {[%clk 1:32:22]} Rb8 {[%clk 1:19:34]} 12. Nb1
{[%clk 1:20:26]} Bc2 {[%clk 1:00:18]} 13. Bf4 {[%clk 0:59:06]} Ne8
{[%clk 0:56:23]} 14. b3 {[%clk 0:52:24]} g5 {[%clk 0:43:25]} 15. Bc1
{[%clk 0:51:16]} Rb6 {[%clk 0:40:40]} 16. Qa4 {[%clk 0:50:45]} Qc8
{[%clk 0:40:32]} 17. Ba3 {[%clk 0:49:20]} Ra6 {[%clk 0:30:41]} 18. Bxe7
{[%clk 0:49:10]} Rxa4 {[%clk 0:30:58]} 19. bxa4 {[%clk 0:49:33]} Qa6
{[%clk 0:30:43]} 20. Bxf8 {[%clk 0:49:36]} Kxf8 {[%clk 0:31:08]} 21. e3
{[%clk 0:42:25]} Bxa4 {[%clk 0:27:20]} 22. Nd2 {[%clk 0:34:28]} Qd3
{[%clk 0:26:42]} 23. Nf3 {[%clk 0:34:21]} f6 {[%clk 0:27:01]} 24. Rfc1
{[%clk 0:29:23]} Qe2 {[%clk 0:22:39]} 25. Re1 {[%clk 0:24:27]} Qb2
{[%clk 0:20:00]} 26. Rec1 {[%clk 0:24:18]} Nd6 {[%clk 0:18:06]} 27. Ne1
{[%clk 0:24:10]} Qd2 {[%clk 0:16:28]} 28. Rab1 {[%clk 0:17:46]} Ne4
{[%clk 0:09:43]} 29. Bxe4 {[%clk 0:18:02]} dxe4 {[%clk 0:10:12]} 30. c4
{[%clk 0:14:31]} h5 {[%clk 0:10:06]} 31. h3 {[%clk 0:11:06]} Ke7 {[%clk 0:09:30]}
32. c5 {[%clk 0:10:12]} a6 {[%clk 0:06:32]} 33. a3 {[%clk 0:09:54]} Qa2
{[%clk 0:03:30]} 34. Ra1 {[%clk 0:09:13]} Qe2 {[%clk 0:03:24]} 35. Rab1
{[%clk 0:07:16]} Bb5 {[%clk 0:01:47]} 36. Ng2 {[%clk 0:07:42]} Bd3
{[%clk 0:00:56]} 37. Re1 {[%clk 0:04:46]} Qa2 {[%clk 0:00:58]} 38. Ra1
{[%clk 0:04:20]} Qb2 {[%clk 0:01:25]} 39. h4 {[%clk 0:03:55]} a5 {[%clk 0:01:26]}
40. Rec1 {[%clk 0:02:35]} Kf7 {[%clk 0:01:18]} 41. Re1 {[%clk 0:00:36]} Kg6
{[%clk 0:01:42]} 42. Rac1 {[%clk 0:00:32]} c6 {[%clk 0:01:04]} 43. Red1
{[%clk 0:00:43]} a4 {[%clk 0:01:04]} 44. hxg5 {[%clk 0:01:01]} fxg5
{[%clk 0:01:27]} 45. Ne1 {[%clk 0:00:43]} Qe2 {[%clk 0:01:30]} 46. Ng2 Kf5
{[%clk 0:01:15]} 47. Ne1 {[%clk 0:00:35]} Kg4 {[%clk 0:01:00]} 48. Ng2
{[%clk 0:00:35]} Kh3 {[%clk 0:00:52]} 49. Ra1 {[%clk 0:00:55]} h4
{[%clk 0:00:57]} 50. Kh1 {[%clk 0:00:36]} hxg3 {[%clk 0:01:04]} 51. Re1
{[%clk 0:00:40]} Qf3 {[%clk 0:01:29]} 52. Rg1 {[%clk 0:01:01]} gxf2
{[%clk 0:01:53]} 53. d5 {[%clk 0:01:08]} fxg1=Q+ {[%clk 0:01:54]} 54. Rxg1
{[%clk 0:01:30]} Bf1 {[%clk 0:02:03]} 55. dxe6 {[%clk 0:01:42]} Bxg2+
{[%clk 0:02:27]} 0-1

[Event "EYCC 2024 - O12"]
[Site "?"]
[Date "2024.08.26"]
[Round "5.5"]
[White "Brzezina, Pawel"]
[Black "Tatvidze, Davit"]
[Result "1/2-1/2"]
[BlackElo "2011"]
[WhiteElo "2121"]
[LiveChessVersion "1.4.8"]

1. d4 {[%clk 1:30:49]} d5 {[%clk 1:30:56]} 2. c4 {[%clk 1:31:03]} dxc4
{[%clk 1:31:22]} 3. Nf3 {[%clk 1:31:05]} c5 {[%clk 1:30:57]} 4. e3
{[%clk 1:29:09]} cxd4 {[%clk 1:30:42]} 5. Qxd4 {[%clk 1:26:46]} Qxd4
{[%clk 1:12:14]} 6. Nxd4 {[%clk 1:27:07]} a6 {[%clk 1:10:49]} 7. Bxc4
{[%clk 1:23:41]} Nf6 {[%clk 1:09:34]} 8. Nd2 {[%clk 1:12:08]} b5 {[%clk 1:05:16]}
9. Be2 {[%clk 1:11:34]} Bb7 {[%clk 1:02:49]} 10. Bf3 {[%clk 1:11:21]} Bxf3
{[%clk 1:02:55]} 11. N4xf3 {[%clk 1:01:37]} g6 {[%clk 1:02:34]} 12. b3
{[%clk 1:01:40]} Bg7 {[%clk 1:02:38]} 13. Bb2 {[%clk 1:00:13]} O-O
{[%clk 1:02:01]} 14. Rc1 {[%clk 0:56:06]} Rd8 {[%clk 1:01:47]} 15. Ke2
{[%clk 0:55:12]} Nbd7 {[%clk 1:00:58]} 16. Rc6 {[%clk 0:51:31]} a5
{[%clk 0:58:00]} 17. Rc2 {[%clk 0:39:07]} a4 {[%clk 0:56:23]} 18. Rhc1
{[%clk 0:28:22]} axb3 {[%clk 0:54:39]} 19. axb3 {[%clk 0:28:43]} Nd5
{[%clk 0:54:14]} 20. Bxg7 {[%clk 0:27:23]} Kxg7 {[%clk 0:54:31]} 21. Ne4
{[%clk 0:26:31]} N7f6 {[%clk 0:49:12]} 22. Nxf6 {[%clk 0:26:22]} Nxf6
{[%clk 0:48:28]} 23. Nd4 {[%clk 0:25:29]} Rd5 {[%clk 0:41:32]} 24. Rc5
{[%clk 0:20:57]} Ra2+ {[%clk 0:40:53]} 25. R5c2 {[%clk 0:19:08]} 1/2-1/2

[Event "EYCC 2024 - O12"]
[Site "?"]
[Date "2024.08.26"]
[Round "5.6"]
[White "Sakotic, Nikola"]
[Black "Golubovic, Erik"]
[Result "1/2-1/2"]
[BlackElo "2117"]
[WhiteElo "1984"]
[LiveChessVersion "1.4.8"]

1. c4 {[%clk 1:30:48]} e6 {[%clk 1:28:18]} 2. g3 {[%clk 1:30:53]} Nf6
{[%clk 1:27:53]} 3. Bg2 {[%clk 1:31:16]} d5 {[%clk 1:28:18]} 4. Nf3
{[%clk 1:31:41]} Be7 {[%clk 1:28:37]} 5. O-O {[%clk 1:32:02]} O-O
{[%clk 1:29:00]} 6. d4 {[%clk 1:32:22]} c6 {[%clk 1:29:03]} 7. Qc2
{[%clk 1:32:25]} b6 {[%clk 1:28:57]} 8. Rd1 {[%clk 1:31:33]} Bb7 {[%clk 1:25:54]}
9. Nc3 {[%clk 1:30:49]} Nbd7 {[%clk 1:19:24]} 10. e4 {[%clk 1:29:07]} dxc4
{[%clk 1:19:17]} 11. e5 {[%clk 1:26:56]} Nd5 {[%clk 1:19:41]} 12. Ne4
{[%clk 1:26:38]} h6 {[%clk 1:16:15]} 13. Qxc4 {[%clk 1:25:49]} Rc8
{[%clk 1:13:46]} 14. Bd2 {[%clk 1:06:10]} c5 {[%clk 0:57:00]} 15. Rac1
{[%clk 1:00:28]} cxd4 {[%clk 0:53:37]} 16. Qxd4 {[%clk 1:00:49]} Rxc1
{[%clk 0:53:00]} 17. Rxc1 {[%clk 0:57:21]} Qb8 {[%clk 0:50:01]} 18. a3
{[%clk 0:50:03]} Rc8 {[%clk 0:48:55]} 19. Rxc8+ {[%clk 0:49:14]} Qxc8
{[%clk 0:47:54]} 20. Nc3 {[%clk 0:48:55]} Nxc3 {[%clk 0:41:49]} 21. Bxc3
{[%clk 0:48:20]} Bc5 {[%clk 0:38:45]} 22. Qd2 {[%clk 0:46:52]} Qc7
{[%clk 0:37:49]} 23. Qe1 {[%clk 0:44:50]} b5 {[%clk 0:35:53]} 24. Ba5
{[%clk 0:31:17]} Bb6 {[%clk 0:35:11]} 25. Bc3 {[%clk 0:30:48]} a6
{[%clk 0:31:00]} 26. Qe2 {[%clk 0:19:03]} Bc5 {[%clk 0:28:23]} 27. Qe1
{[%clk 0:18:13]} Qb8 {[%clk 0:23:43]} 28. Nd2 {[%clk 0:15:42]} Bxg2
{[%clk 0:20:51]} 29. Kxg2 {[%clk 0:16:10]} Nb6 {[%clk 0:20:05]} 30. Qe4
{[%clk 0:12:24]} Nd5 {[%clk 0:17:36]} 31. Bd4 {[%clk 0:12:28]} Qb6
{[%clk 0:16:21]} 32. Nf3 {[%clk 0:11:15]} a5 {[%clk 0:14:06]} 33. Qd3
{[%clk 0:08:57]} 1/2-1/2

[Event "EYCC 2024 - O12"]
[Site "?"]
[Date "2024.08.26"]
[Round "5.7"]
[White "Platonovs, Nikolajs"]
[Black "Fulgentini, Edoardo"]
[Result "1/2-1/2"]
[BlackElo "2009"]
[WhiteElo "2092"]
[LiveChessVersion "1.4.8"]

1. e4 {[%clk 1:30:59]} c5 {[%clk 1:30:55]} 2. Nf3 {[%clk 1:31:24]} Nc6
{[%clk 1:31:21]} 3. d4 {[%clk 1:31:49]} cxd4 {[%clk 1:31:47]} 4. Nxd4
{[%clk 1:32:10]} Nf6 {[%clk 1:32:14]} 5. Nc3 {[%clk 1:32:29]} d6 {[%clk 1:32:39]}
6. Bg5 {[%clk 1:32:38]} e6 {[%clk 1:33:04]} 7. Bb5 {[%clk 1:32:53]} Bd7
{[%clk 1:33:27]} 8. Qd3 {[%clk 1:33:05]} Qb6 {[%clk 1:33:53]} 9. O-O-O
{[%clk 1:20:09]} Nxd4 {[%clk 1:34:06]} 10. Qxd4 {[%clk 1:16:13]} Qxd4
{[%clk 1:34:26]} 11. Rxd4 {[%clk 1:16:08]} a6 {[%clk 1:34:33]} 12. Bxd7+
{[%clk 1:16:25]} Nxd7 {[%clk 1:35:01]} 13. Rhd1 {[%clk 1:13:53]} Rc8
{[%clk 1:26:24]} 14. Kb1 {[%clk 1:10:06]} Rc6 {[%clk 1:16:55]} 15. Bh4
{[%clk 1:04:56]} h5 {[%clk 1:16:58]} 16. f3 {[%clk 1:03:55]} Rh6 {[%clk 1:12:35]}
17. Ne2 {[%clk 0:53:37]} Be7 {[%clk 1:00:48]} 18. Bf2 {[%clk 0:45:12]} Nc5
{[%clk 0:49:11]} 19. Be3 {[%clk 0:39:49]} Rg6 {[%clk 0:27:55]} 20. Nf4
{[%clk 0:36:54]} Rh6 {[%clk 0:17:37]} 21. R4d2 {[%clk 0:36:02]} Rh8
{[%clk 0:13:40]} 22. Ne2 {[%clk 0:33:33]} Nd7 {[%clk 0:11:54]} 23. Bf4
{[%clk 0:30:31]} Nb6 {[%clk 0:10:05]} 24. b3 {[%clk 0:29:14]} Kd7
{[%clk 0:09:06]} 25. c4 {[%clk 0:28:19]} Rhc8 {[%clk 0:06:30]} 26. Be3
{[%clk 0:25:01]} e5 {[%clk 0:03:29]} 27. Nc3 {[%clk 0:21:31]} Ke8
{[%clk 0:02:22]} 28. Nd5 {[%clk 0:12:58]} Nxd5 {[%clk 0:01:42]} 29. Rxd5
{[%clk 0:13:09]} g6 {[%clk 0:01:22]} 30. Bd2 {[%clk 0:10:38]} Kd7
{[%clk 0:00:56]} 31. Bb4 {[%clk 0:09:36]} Ke6 {[%clk 0:01:01]} 32. f4
{[%clk 0:07:36]} exf4 {[%clk 0:00:44]} 33. Bd2 {[%clk 0:05:48]} g5
{[%clk 0:00:40]} 34. Bb4 {[%clk 0:04:20]} f6 {[%clk 0:00:41]} 35. Rf5
{[%clk 0:02:36]} R8c7 {[%clk 0:00:38]} 36. g3 {[%clk 0:02:13]} fxg3
{[%clk 0:00:49]} 37. hxg3 {[%clk 0:02:38]} Rc8 {[%clk 0:01:17]} 38. Rdf1
{[%clk 0:01:50]} Rf8 {[%clk 0:01:24]} 39. Ba3 {[%clk 0:01:34]} Rcc8
{[%clk 0:01:25]} 40. Bb2 {[%clk 0:01:39]} Rf7 {[%clk 0:01:43]} 41. Rh1
{[%clk 0:01:27]} Rh7 {[%clk 0:01:58]} 42. Rhf1 {[%clk 0:00:56]} Rf8
{[%clk 0:02:09]} 43. Bc1 {[%clk 0:01:04]} h4 {[%clk 0:01:52]} 44. gxh4
{[%clk 0:01:05]} gxh4 {[%clk 0:01:59]} 45. Bf4 {[%clk 0:00:41]} Rg8
{[%clk 0:02:04]} 46. Bh2 {[%clk 0:00:33]} Rg2 {[%clk 0:01:47]} 47. R5f2
{[%clk 0:00:34]} h3 {[%clk 0:01:38]} 48. Kc2 {[%clk 0:00:44]} Rh5
{[%clk 0:01:00]} 49. Kd3 {[%clk 0:00:40]} Rxf2 {[%clk 0:01:15]} 50. Rxf2
{[%clk 0:01:02]} f5 {[%clk 0:01:44]} 51. exf5+ {[%clk 0:00:42]} Rxf5
{[%clk 0:02:12]} 52. Re2+ {[%clk 0:01:02]} Kd7 {[%clk 0:02:05]} 53. Re3
{[%clk 0:01:13]} Rf2 {[%clk 0:02:28]} 54. Rxh3 {[%clk 0:01:32]} Rxa2
{[%clk 0:02:50]} 55. Bf4 {[%clk 0:01:33]} Rb2 {[%clk 0:02:58]} 56. Ke4
{[%clk 0:01:26]} Kc6 {[%clk 0:03:14]} 57. Rh7 {[%clk 0:00:51]} Bf6
{[%clk 0:03:15]} 58. Rh6 {[%clk 0:00:46]} Be5 {[%clk 0:02:12]} 59. Bxe5
{[%clk 0:00:34]} Re2+ {[%clk 0:02:41]} 60. Kd4 {[%clk 0:00:50]} Rxe5
{[%clk 0:03:10]} 61. b4 {[%clk 0:00:33]} b6 {[%clk 0:02:55]} 62. Rh8
{[%clk 0:00:38]} Re1 {[%clk 0:02:27]} 63. Rc8+ {[%clk 0:00:58]} Kb7
{[%clk 0:02:41]} 64. Rd8 {[%clk 0:01:10]} Kc7 {[%clk 0:03:04]} 65. Ra8
{[%clk 0:01:23]} Rb1 {[%clk 0:02:54]} 66. Rxa6 {[%clk 0:01:33]} Rxb4
{[%clk 0:03:22]} 67. Kd5 {[%clk 0:01:35]} Kb7 {[%clk 0:03:03]} 68. Ra1
{[%clk 0:01:58]} Rb2 {[%clk 0:03:15]} 69. Kxd6 {[%clk 0:02:08]} Rd2+
{[%clk 0:03:38]} 70. Ke5 {[%clk 0:02:22]} Kc6 {[%clk 0:04:03]} 71. Rb1
{[%clk 0:02:30]} 1/2-1/2

[Event "EYCC 2024 - O12"]
[Site "?"]
[Date "2024.08.26"]
[Round "5.8"]
[White "Radzimski, Antoni"]
[Black "Vardi, Daniel"]
[Result "1-0"]
[BlackElo "2003"]
[WhiteElo "2062"]
[LiveChessVersion "1.4.8"]

1. e4 {[%clk 1:30:59]} c5 {[%clk 1:30:55]} 2. Nf3 {[%clk 1:31:26]} e6
{[%clk 1:31:23]} 3. Nc3 {[%clk 1:31:45]} a6 {[%clk 1:31:26]} 4. d4
{[%clk 1:32:05]} cxd4 {[%clk 1:31:51]} 5. Nxd4 {[%clk 1:32:34]} b5
{[%clk 1:32:19]} 6. g3 {[%clk 1:32:51]} Bb7 {[%clk 1:32:28]} 7. Bg2
{[%clk 1:33:17]} Nf6 {[%clk 1:32:03]} 8. O-O {[%clk 1:33:12]} b4 {[%clk 1:30:18]}
9. Na4 {[%clk 1:33:24]} Bxe4 {[%clk 1:28:47]} 10. Bxe4 {[%clk 1:33:47]} Nxe4
{[%clk 1:29:14]} 11. c4 {[%clk 1:34:16]} bxc3 {[%clk 1:24:23]} 12. Re1
{[%clk 1:34:11]} d5 {[%clk 1:22:32]} 13. Nxc3 {[%clk 1:29:12]} Nxc3
{[%clk 1:19:24]} 14. Qh5 {[%clk 1:22:26]} Ne4 {[%clk 1:12:56]} 15. Nxe6
{[%clk 1:22:47]} Qb6 {[%clk 1:08:40]} 16. Nc7+ {[%clk 1:23:13]} Qxc7
{[%clk 1:07:19]} 17. Qxd5 {[%clk 1:23:39]} Nc6 {[%clk 1:06:08]} 18. Qxe4+
{[%clk 1:23:36]} Be7 {[%clk 1:06:13]} 19. Bg5 {[%clk 1:16:42]} O-O
{[%clk 1:01:00]} 20. Bxe7 {[%clk 1:17:09]} Nxe7 {[%clk 0:59:21]} 21. Qxe7
{[%clk 1:17:32]} Qb6 {[%clk 0:59:15]} 22. Re2 {[%clk 1:10:56]} g6
{[%clk 0:57:50]} 23. Rae1 {[%clk 1:05:58]} Qc6 {[%clk 0:53:30]} 24. Qe3
{[%clk 1:01:10]} Rac8 {[%clk 0:50:42]} 25. h4 {[%clk 0:55:37]} h5
{[%clk 0:48:30]} 26. Qg5 {[%clk 0:54:00]} Rcd8 {[%clk 0:39:36]} 27. Rd2
{[%clk 0:50:01]} Rxd2 {[%clk 0:37:58]} 28. Qxd2 {[%clk 0:49:58]} Rc8
{[%clk 0:35:47]} 29. Qd4 {[%clk 0:44:25]} Qb5 {[%clk 0:31:20]} 30. a4
{[%clk 0:40:05]} Qa5 {[%clk 0:28:20]} 31. Re5 {[%clk 0:37:01]} Qc7
{[%clk 0:28:48]} 32. Rd5 {[%clk 0:33:10]} Qe7 {[%clk 0:23:14]} 33. b4
{[%clk 0:31:07]} Kh7 {[%clk 0:20:09]} 34. Rd7 {[%clk 0:25:15]} Qe6
{[%clk 0:20:06]} 35. b5 {[%clk 0:21:02]} Rc4 {[%clk 0:18:04]} 36. Qd1
{[%clk 0:18:07]} axb5 {[%clk 0:13:31]} 37. axb5 {[%clk 0:18:20]} Rb4
{[%clk 0:12:59]} 38. Qd5 {[%clk 0:17:38]} Qxd5 {[%clk 0:12:44]} 39. Rxd5
{[%clk 0:18:03]} Kg7 {[%clk 0:13:01]} 40. f4 {[%clk 0:16:50]} Rb2
{[%clk 0:13:20]} 41. Kf1 {[%clk 0:17:06]} Kf6 {[%clk 0:13:13]} 42. Re5
{[%clk 0:16:40]} Kg7 {[%clk 0:09:07]} 43. Ke1 {[%clk 0:15:36]} f6
{[%clk 0:07:44]} 44. Rc5 {[%clk 0:15:51]} Kf7 {[%clk 0:07:16]} 45. Kd1
{[%clk 0:14:53]} Ke7 {[%clk 0:07:23]} 46. Kc1 {[%clk 0:14:50]} Rb4
{[%clk 0:07:38]} 47. Kc2 {[%clk 0:14:31]} Ke6 {[%clk 0:06:17]} 48. Kc3
{[%clk 0:14:16]} Rb1 {[%clk 0:06:18]} 49. Kc4 {[%clk 0:13:39]} Rb2
{[%clk 0:05:44]} 50. Rc6+ {[%clk 0:13:16]} Kf5 {[%clk 0:06:10]} 51. Kc5
{[%clk 0:13:11]} g5 {[%clk 0:05:58]} 52. hxg5 {[%clk 0:12:23]} fxg5
{[%clk 0:06:26]} 53. fxg5 {[%clk 0:12:47]} Kxg5 {[%clk 0:06:49]} 54. b6
{[%clk 0:12:34]} Rb3 {[%clk 0:06:42]} 55. Rc7 {[%clk 0:12:48]} Kg4
{[%clk 0:05:18]} 56. Rg7+ {[%clk 0:13:12]} Kh3 {[%clk 0:05:44]} 57. Rg5
{[%clk 0:13:17]} 1-0